Library Banner

Mushahidah Haq(مشاہدہ حق( (Record no. 103252)

MARC details
000 -LEADER
fixed length control field 00433nam a22001457a 4500
005 - DATE AND TIME OF LATEST TRANSACTION
control field 20180215112148.0
008 - FIXED-LENGTH DATA ELEMENTS--GENERAL INFORMATION
fixed length control field 180215b xxu||||| |||| 00| 0 eng d
040 ## - CATALOGING SOURCE
Transcribing agency PK-LaUMT
082 ## - DEWEY DECIMAL CLASSIFICATION NUMBER
Classification number PKAC 297.74
Item number QAZ-M
100 ## - MAIN ENTRY--PERSONAL NAME
Personal name Qazi , I.I
245 ## - TITLE STATEMENT
Title Mushahidah Haq(مشاہدہ حق(
Statement of responsibility, etc I.I. Qazi
260 ## - PUBLICATION, DISTRIBUTION, ETC. (IMPRINT)
Place of publication, distribution, etc حیدر آباد:
Name of publisher, distributor, etc علامہ آئی آئی قازی یاد گار سوسائٹی،
Date of publication, distribution, etc 1997
300 ## - PHYSICAL DESCRIPTION
Extent 208
942 ## - ADDED ENTRY ELEMENTS (KOHA)
Koha item type Books
Holdings
Withdrawn status Lost status Damaged status Home library Current library Date acquired Full call number Barcode Date last seen Price effective from Koha item type
      UMT Main Campus UMT Main Campus 2018-02-15 PKAC 297.74 QAZ-M 119442 2018-02-15 2018-02-15 Books